000 01395nam a2200409 4500
999 _c22846
_d22846
001 vtls011753119
005 20200129125814.0
008 180425s2018 xo o g 000 0 slo c
020 _a9788089642557
_q(viazané)
040 _aPOKPOH
_bslo
_erda
_cRDA
041 0 _aslo
044 _axo
_cSK
072 7 _a618
_xGynekológia. Pôrodníctvo
_2konspekt
080 _a618.2/.3
_22011
080 _a316.346.2-055.26
_22011
080 _a612.63
_22011
080 _a(035)
_22011
100 1 _aZavarská, Sabína
_4aut
_91623
245 1 0 _aSom tehotná
_bako úspešné prejsť tehotenstvom
_cSabína Zavarská, Yka Hricková, Katarína Horáková
250 _aPrvé vydanie
264 1 _aBratislava
_bPlat4M Books, s.r.o.
_c2018
300 _a262 strán
_bfarebné fotografie
_c20 cm
336 _atext
_btxt
_2rdacontent
337 _abez média
_bn
_2rdamedia
338 _azväzok
_bnc
_2rdacarrier
490 1 _aAko byť zdravý v každom veku
650 0 7 _atehotenstvo
_2SNKPH
_91624
650 0 7 _atehotné ženy
_2SNKPH
_91625
650 0 7 _apôrod
_2SNKPH
_91626
650 0 7 _aPregnancy
_2SNKPHeng
_91627
650 0 7 _apregnant women
_2SNKPHeng
_91628
650 0 7 _aChildbirth
_2SNKPHeng
_91629
655 7 _apríručky
_2SNKPH
_91541
655 7 _aHandbooks, manuals, etc.
_2SNKPHeng
_91630
700 1 _aHricková, Yka
_4aut
_91631
700 1 _aHoráková, Katarína,
_d1934-
_4aut
_91632